| 000 | 00658nam a2200217Ia 4500 | ||
|---|---|---|---|
| 005 | 20250508164051.0 | ||
| 008 | 008 250505s9999 xx 000 0 eng d | ||
| 020 | _a0-8135-2099-1 | ||
| 037 | _aTextBook | ||
| 040 |
_aFEDL _beng _cFEDL |
||
| 041 |
_aeng _2eng |
||
| 084 |
_a370.156 51, ZAS/R _qFEDL |
||
| 100 | _aZaslavsky Claudia | ||
| 245 | 0 | _aFear of math: How to get over it and get on with your life | |
| 260 |
_aLondon, UK _bRutgers University Press _c1999 |
||
| 300 | _ax,264p | ||
| 365 |
_aUSD _b20 |
||
| 650 |
_aMath anxiety; Education - Psychology _9777232 |
||
| 942 |
_cTB _h370.156 51, ZAS/R |
||
| 999 |
_c1386891 _d1386891 |
||